000 00158 a2200085 4500
041 _aeng
100 _aCarle,Eric
245 _aAbove us in the Sky
942 _cBK
999 _c31821
_d31819